[Event "Pribina - TPK Cup   Mistrovství ÈR junio"]
[Site "Havlíèkùv Brod - hotel Slunce"]
[Date "2012.11.30"]
[Round "8.1"]
[White "Rubeš, Jan"]
[Black "Kraus, Tomáš"]
[Result "0-1"]
[WhiteElo "2130"]
[BlackElo "2290"]
[PlyCount "74"]
[EventDate "2012.11.25"]

1. e4 c5 2. Nf3 e6 3. d4 cxd4 4. Nxd4 Nc6 5. Nb5 d6 6. c4 Nf6 7. N1c3 a6 8. Na3
Be7 9. Be3 O-O 10. Be2 b6 11. O-O Bb7 12. Rc1 Rc8 13. f3 Ne5 14. Qd2 Qc7 15.
Rfd1 Rfe8 16. Qe1 Ned7 17. Qf2 Bd8 18. Nab5 axb5 19. Nxb5 Qb8 20. Nxd6 Bc7 21.
Nxe8 Rxe8 22. g3 h5 23. c5 Nxc5 24. b4 Ncd7 25. Bb5 Re7 26. Bc6 Bxc6 27. Rxc6
Ne5 28. Rc2 b5 29. Bc5 Re8 30. Qe2 h4 31. f4 Ned7 32. e5 Nd5 33. Qf2 h3 34.
Rdc1 Qa8 35. Qe2 Nxb4 36. Qxb5 Nxc2 37. Rxc2 Rb8 0-1

[Event "Pribina - TPK Cup   Mistrovství ÈR junio"]
[Site "Havlíèkùv Brod - hotel Slunce"]
[Date "2012.11.30"]
[Round "8.2"]
[White "Straka, Vojtìch"]
[Black "Výprachtický, David"]
[Result "1/2-1/2"]
[WhiteElo "2285"]
[BlackElo "2092"]
[PlyCount "87"]
[EventDate "2012.11.25"]

1. Nf3 Nf6 2. g3 g6 3. b3 d5 4. Bb2 Bg7 5. Bg2 O-O 6. c4 c6 7. O-O a5 8. d3 Bg4
9. Nbd2 Nbd7 10. h3 Bxf3 11. Nxf3 Qb6 12. Qc2 Nh5 13. Bxg7 Kxg7 14. Qc3+ Kg8
15. Kh2 Nhf6 16. e3 Ra6 17. Rfc1 Qb4 18. a3 Qxc3 19. Rxc3 e6 20. Rb1 Rfa8 21.
Bf1 Kf8 22. Kg2 Ke7 23. d4 R6a7 24. c5 Ne8 25. g4 Ng7 26. b4 axb4 27. axb4 Ra1
28. Rcb3 f6 29. b5 Rxb1 30. Rxb1 Kd8 31. g5 f5 32. h4 e5 33. Nxe5 Nxe5 34. dxe5
Kc7 35. Rb2 Ne6 36. Rc2 Ra4 37. f4 Ra3 38. Kf2 Ra5 39. h5 cxb5 40. Rd2 Kc6 41.
Bg2 Nc7 42. hxg6 hxg6 43. Rc2 b4 44. Rb2 1/2-1/2

[Event "Pribina - TPK Cup   Mistrovství ÈR junio"]
[Site "Havlíèkùv Brod - hotel Slunce"]
[Date "2012.11.30"]
[Round "8.3"]
[White "Stárek, Stanislav"]
[Black "Braun, Marek"]
[Result "1/2-1/2"]
[WhiteElo "2013"]
[BlackElo "2232"]
[PlyCount "50"]
[EventDate "2012.11.25"]

1. d4 Nf6 2. c4 g6 3. Nc3 Bg7 4. e4 d6 5. Nf3 O-O 6. Be2 c6 7. O-O e5 8. Be3
Ng4 9. Bg5 f6 10. Bh4 Na6 11. Ne1 h5 12. d5 c5 13. Nd3 g5 14. Bg3 f5 15. h3 Nf6
16. Bxh5 f4 17. Bh2 Nxh5 18. Qxh5 f3 19. Rfe1 Rf6 20. Qxg5 Qe8 21. Bg3 Bd7 22.
a3 fxg2 23. Kxg2 Rg6 24. Qd2 Qe7 25. Kh1 Rf8 1/2-1/2

[Event "Pribina - TPK Cup   Mistrovství ÈR junio"]
[Site "Havlíèkùv Brod - hotel Slunce"]
[Date "2012.11.30"]
[Round "8.4"]
[White "Stachoò, Martin"]
[Black "Baláèek, Tadeáš"]
[Result "1/2-1/2"]
[WhiteElo "2127"]
[BlackElo "2216"]
[PlyCount "75"]
[EventDate "2012.11.25"]

1. e4 e6 2. d4 d5 3. Nd2 Be7 4. c3 c5 5. exd5 Qxd5 6. dxc5 Bxc5 7. Ngf3 Nf6 8.
Bc4 Qc6 9. Qe2 O-O 10. O-O Qc7 11. Ne4 Nbd7 12. Nxc5 Qxc5 13. Be3 Qh5 14. Nd4
Qxe2 15. Bxe2 Nd5 16. Bd2 N7f6 17. c4 Nb6 18. Rfd1 Bd7 19. b4 Rac8 20. Rac1 e5
21. Nb3 Be6 22. c5 Nbd5 23. b5 Ne4 24. c6 Nxd2 25. Rxd2 bxc6 26. bxc6 Rc7 27.
Rc5 Nb4 28. a3 Bxb3 29. axb4 Be6 30. Bc4 Bxc4 31. Rxc4 f6 32. Kf1 Kf7 33. b5
Ke7 34. Ke2 Rd8 35. Rxd8 Kxd8 36. Kd3 f5 37. Kc3 Re7 38. f3 1/2-1/2

[Event "Pribina - TPK Cup   Mistrovství ÈR junio"]
[Site "Havlíèkùv Brod - hotel Slunce"]
[Date "2012.11.30"]
[Round "8.5"]
[White "Pùlpán, Jakub"]
[Black "Gabriel, Adam"]
[Result "1/2-1/2"]
[WhiteElo "2099"]
[BlackElo "2129"]
[PlyCount "77"]
[EventDate "2012.11.25"]

1. e4 d6 2. d4 Nf6 3. Nc3 e5 4. Nf3 Nbd7 5. Bc4 Be7 6. O-O O-O 7. a4 c6 8. b3
b6 9. Re1 Bb7 10. dxe5 dxe5 11. Qe2 Qc7 12. Bb2 a6 13. Nh4 Bb4 14. Red1 b5 15.
Bd3 Rfd8 16. Nf5 Nf8 17. Qe3 Ne6 18. Ne2 Nh5 19. Qf3 g6 20. Nfg3 Nhf4 21. Nxf4
Nxf4 22. Ne2 Nxe2+ 23. Bxe2 Qe7 24. Rd3 Rxd3 25. Bxd3 Bc5 26. g3 Rd8 27. Bc1 f6
28. Be3 Bd4 29. Bxd4 Rxd4 30. h4 Kg7 31. c3 Rd7 32. Qe3 Qd6 33. Be2 Qc7 34. Rd1
Rxd1+ 35. Bxd1 bxa4 36. bxa4 c5 37. Qd3 a5 38. Bb3 Bc6 39. f3 1/2-1/2

[Event "Pribina - TPK Cup   Mistrovství ÈR junio"]
[Site "Havlíèkùv Brod - hotel Slunce"]
[Date "2012.11.30"]
[Round "8.6"]
[White "Macháò, Jan"]
[Black "Haman, Jakub"]
[Result "0-1"]
[WhiteElo "2078"]
[BlackElo "2129"]
[PlyCount "66"]
[EventDate "2012.11.25"]

1. c4 c5 2. Nc3 g6 3. g3 Bg7 4. Bg2 Nc6 5. d3 d6 6. e4 e6 7. Nge2 Nge7 8. Be3
Nd4 9. Qd2 Nec6 10. O-O O-O 11. Bh6 Bxh6 12. Qxh6 Qf6 13. Nxd4 Nxd4 14. Rae1
Bd7 15. f4 Bc6 16. e5 dxe5 17. Bxc6 Nxc6 18. fxe5 Qg7 19. Qf4 Rad8 20. Ne4 b6
21. Re3 Nb4 22. Nd6 Nc2 23. Re4 Nd4 24. g4 Nc6 25. Qg3 Nxe5 26. Nb7 Rd7 27.
Nxc5 bxc5 28. Qxe5 Rxd3 29. Qxc5 Qxb2 30. Ref4 Rd2 31. R1f2 Qxa2 32. Qe7 Rxf2
33. Rxf2 Qxc4 0-1

[Event "Pribina - TPK Cup   Mistrovství ÈR junio"]
[Site "Havlíèkùv Brod - hotel Slunce"]
[Date "2012.11.30"]
[Round "8.7"]
[White "Ptáèek, Tomáš"]
[Black "Janèaøík, Joel"]
[Result "1/2-1/2"]
[WhiteElo "2007"]
[BlackElo "2242"]
[PlyCount "80"]
[EventDate "2012.11.25"]

1. d4 Nf6 2. Nf3 g6 3. Bf4 Bg7 4. e3 O-O 5. h3 b6 6. Be2 Bb7 7. O-O d6 8. c4
Nbd7 9. Nc3 Re8 10. Bh2 e5 11. dxe5 dxe5 12. Qc2 Qe7 13. Rad1 Rad8 14. Nb5 e4
15. Nfd4 Ne5 16. c5 bxc5 17. Nb3 c6 18. Rxd8 Rxd8 19. Nxc5 cxb5 20. Nxb7 Nf3+
21. Bxf3 Qxb7 22. Be2 Ne8 23. Rc1 b4 24. Bc4 a5 25. Bg3 Bf6 26. Qe2 Kg7 27. Bb5
Qd5 28. Bc4 Qd2 29. Rc2 Qd7 30. Bb5 Qd5 31. Bc4 Qa8 32. Rd2 h5 33. Rxd8 Qxd8
34. Bb5 Nd6 35. Bxd6 Qxd6 36. Ba4 Qe5 37. Bb3 Qxb2 38. Qc4 Qa1+ 39. Kh2 Qe5+
40. Kg1 Qa1+ 1/2-1/2

[Event "Pribina - TPK Cup   Mistrovství ÈR junio"]
[Site "Havlíèkùv Brod - hotel Slunce"]
[Date "2012.11.30"]
[Round "8.8"]
[White "Pospíšil, Martin"]
[Black "Seidl, Štìpán"]
[Result "0-1"]
[WhiteElo "2007"]
[BlackElo "2185"]
[PlyCount "90"]
[EventDate "2012.11.25"]

1. d4 Nf6 2. Nf3 g6 3. g3 d5 4. Bg2 c6 5. O-O Bg7 6. Ne5 Nfd7 7. Nxd7 Nxd7 8.
c3 O-O 9. Bf4 e5 10. dxe5 Nxe5 11. Nd2 Bg4 12. h3 Be6 13. Kh2 a5 14. Rc1 Qb6
15. b3 a4 16. Nf3 Nxf3+ 17. Bxf3 Rfd8 18. Bg5 Rd7 19. Be3 d4 20. cxd4 Bxd4 21.
Bxd4 Rxd4 22. Qe1 axb3 23. axb3 Ra3 24. Ra1 Rxb3 25. Qc1 Kg7 26. Ra8 Rd8 27.
Ra4 Rb5 28. Rh4 h5 29. Kg2 Qc5 30. Qa1+ Qe5 31. Qc1 Rc5 32. Qb1 b5 33. Re4 Qf6
34. Rf4 Rf5 35. Rb4 Bd5 36. Bxd5 Rfxd5 37. Rf4 Rf5 38. Re4 Rdd5 39. Re8 Rfe5
40. Rxe5 Qxe5 41. Rc1 Rd2 42. e3 Qxe3 43. Qa1+ Kg8 44. Rf1 Qe4+ 45. Kg1 c5 0-1

[Event "Pribina - TPK Cup   Mistrovství ÈR junio"]
[Site "Havlíèkùv Brod - hotel Slunce"]
[Date "2012.11.30"]
[Round "8.9"]
[White "Malý, Marek"]
[Black "Malèánek, Jan"]
[Result "1-0"]
[WhiteElo "2143"]
[BlackElo "1991"]
[PlyCount "81"]
[EventDate "2012.11.25"]

1. d4 Nf6 2. c4 e6 3. Nc3 Bb4 4. e3 c5 5. Bd3 Nc6 6. Nf3 O-O 7. O-O Bxc3 8.
bxc3 d6 9. e4 e5 10. d5 Ne7 11. Nh4 Ne8 12. g3 g6 13. f4 f6 14. Be2 Qa5 15. Bd2
Bd7 16. Bg4 Qc7 17. Bxd7 Qxd7 18. Be3 b6 19. a4 a5 20. Ra2 Nc8 21. Nf3 Ra7 22.
Kh1 Qd8 23. Raf2 Raf7 24. Kg2 Qe7 25. Qc2 Ng7 26. h3 Nh5 27. Nh2 exf4 28. Bxf4
Re8 29. Re1 g5 30. Bd2 Kh8 31. Qd3 Ng7 32. Ng4 Rff8 33. Qf3 Nh5 34. Nh6 Ng7 35.
Ref1 Qxe4 36. Bxg5 Qxf3+ 37. Rxf3 Nh5 38. g4 Kg7 39. Bc1 Re2+ 40. R3f2 Re4 41.
gxh5 1-0

[Event "Pribina - TPK Cup   Mistrovství ÈR junio"]
[Site "Havlíèkùv Brod - hotel Slunce"]
[Date "2012.11.30"]
[Round "8.10"]
[White "Hánl, František"]
[Black "Toman, Ondøej"]
[Result "0-1"]
[WhiteElo "1917"]
[BlackElo "2101"]
[PlyCount "46"]
[EventDate "2012.11.25"]

1. e4 c6 2. d4 d5 3. e5 Bf5 4. Nc3 e6 5. g4 Bg6 6. Nge2 c5 7. h4 h6 8. Nf4 Bh7
9. Be3 Nc6 10. Bb5 Qb6 11. O-O O-O-O 12. Bxc6 Qxc6 13. Qe2 a6 14. a4 f6 15.
exf6 Nxf6 16. Nd3 Bxd3 17. cxd3 c4 18. Rfc1 Kb8 19. Bf4+ Bd6 20. Bxd6+ Qxd6 21.
a5 cxd3 22. Qxd3 Nxg4 23. b4 Qh2+ 0-1

[Event "Pribina - TPK Cup   Mistrovství ÈR junio"]
[Site "Havlíèkùv Brod - hotel Slunce"]
[Date "2012.11.30"]
[Round "8.11"]
[White "Èáp, Adam"]
[Black "Krejèí, Martin"]
[Result "1/2-1/2"]
[WhiteElo "2028"]
[BlackElo "1934"]
[PlyCount "91"]
[EventDate "2012.11.25"]

1. c4 Nf6 2. Nc3 d5 3. cxd5 Nxd5 4. g3 Nxc3 5. bxc3 g6 6. Bg2 Bg7 7. Nf3 O-O 8.
Rb1 c5 9. O-O Nc6 10. c4 Qc7 11. d3 Bg4 12. Bb2 Rad8 13. Bxg7 Kxg7 14. Qb3 b6
15. Rfe1 Kg8 16. Qb2 Rd7 17. Nd2 Rfd8 18. Ne4 Nd4 19. Nc3 Qe5 20. h3 Be6 21.
Nb5 Qh5 22. Nxd4 Rxd4 23. Kh2 R4d6 24. a4 Qf5 25. Rf1 a5 26. Qc3 Bd7 27. Qc2
Be8 28. Rb2 Qd7 29. Ra1 Rf6 30. Kg1 Qd4 31. Rf1 Bxa4 32. Qb1 Qd6 33. Qa2 Be8
34. Rfb1 Qc7 35. Rb3 Rdd6 36. Qb2 Ba4 37. Ra3 Be8 38. e4 Rd4 39. Rb3 a4 40.
Rxb6 a3 41. Rb7 Qa5 42. Ra1 Rxd3 43. Bf1 Rd1 44. Qe5 Re6 45. Qb8 Rd8 46. Qc7
1/2-1/2

[Event "Pribina - TPK Cup   Mistrovství ÈR junio"]
[Site "Havlíèkùv Brod - hotel Slunce"]
[Date "2012.11.30"]
[Round "8.12"]
[White "Rabatin, Jakub"]
[Black "Alfimov, Igor"]
[Result "1-0"]
[WhiteElo "2209"]
[BlackElo "1961"]
[PlyCount "55"]
[EventDate "2012.11.25"]

1. e4 e5 2. Nf3 Nc6 3. Bb5 a6 4. Ba4 d6 5. O-O Bd7 6. d4 b5 7. Bb3 Nxd4 8. Nxd4
exd4 9. c3 dxc3 10. Nxc3 Nf6 11. f4 Be7 12. e5 Ng4 13. e6 Bxe6 14. Bxe6 Nxh2
15. Bxf7+ Kxf7 16. Qd5+ Ke8 17. Kxh2 Rc8 18. Ne4 Rf8 19. Bd2 c6 20. Qe6 Qd7 21.
Nxd6+ Qxd6 22. Qxc8+ Kf7 23. Qf5+ Kg8 24. Qc2 Rf6 25. Rae1 Rh6+ 26. Kg1 Qf6 27.
Qe4 Bc5+ 28. Be3 1-0

[Event "Pribina - TPK Cup   Mistrovství ÈR junio"]
[Site "Havlíèkùv Brod - hotel Slunce"]
[Date "2012.11.30"]
[Round "8.13"]
[White "Dobeš, Vojtìch"]
[Black "Franìk, Jan"]
[Result "1-0"]
[WhiteElo "2055"]
[BlackElo "1976"]
[PlyCount "86"]
[EventDate "2012.11.25"]

1. e4 c5 2. Nf3 Nc6 3. d4 cxd4 4. Nxd4 e5 5. Nb5 a6 6. Nd6+ Bxd6 7. Qxd6 Qf6 8.
Qxf6 Nxf6 9. Nc3 d6 10. Bg5 Be6 11. O-O-O O-O-O 12. g3 h6 13. Be3 d5 14. Bb6
Rd7 15. exd5 Nxd5 16. Nxd5 Rxd5 17. Rxd5 Bxd5 18. Bd3 g6 19. a3 f5 20. c4 Be6
21. Re1 Kd7 22. Kc2 Ke7 23. Kc3 Kf6 24. b4 Rc8 25. Bc5 Rd8 26. a4 a5 27. b5 Nb4
28. Bf1 g5 29. Bxb4 axb4+ 30. Kxb4 b6 31. a5 bxa5+ 32. Kxa5 Ra8+ 33. Kb6 Rb8+
34. Ka7 Rc8 35. b6 Bxc4 36. Bxc4 Rxc4 37. Rb1 Ra4+ 38. Kb8 Ke7 39. b7 Kd7 40.
Rd1+ Ke7 41. Kc7 Rc4+ 42. Kb6 Rb4+ 43. Kc6 e4 1-0

[Event "Pribina - TPK Cup   Mistrovství ÈR junio"]
[Site "Havlíèkùv Brod - hotel Slunce"]
[Date "2012.11.30"]
[Round "8.14"]
[White "Pýcha, Patrik"]
[Black "Kozel, Jiøí"]
[Result "1/2-1/2"]
[WhiteElo "1946"]
[BlackElo "2051"]
[PlyCount "70"]
[EventDate "2012.11.25"]

1. e4 c5 2. Nf3 d6 3. d4 cxd4 4. Nxd4 Nf6 5. Nc3 g6 6. Be3 Bg7 7. f3 Nc6 8. Qd2
O-O 9. Bc4 Nd7 10. O-O-O Nb6 11. Bb3 Na5 12. Qe2 Bd7 13. h4 Rc8 14. h5 Nbc4 15.
hxg6 fxg6 16. Kb1 Nxb3 17. axb3 Nxe3 18. Qxe3 Rf7 19. Nd5 b5 20. f4 e6 21. Nc3
Qb6 22. Qd2 b4 23. Nce2 Rc5 24. Nf3 Qa5 25. Qxd6 Bxb2 26. Kxb2 Qa3+ 27. Kb1 Ra5
28. Qd4 Qa2+ 29. Kc1 Bb5 30. Qd8+ Rf8 31. Qh4 h6 32. Nfd4 Bxe2 33. Nxe2 Rh5 34.
Qg4 Rxh1 35. Qxe6+ Kh7 1/2-1/2

[Event "Pribina - TPK Cup   Mistrovství ÈR junio"]
[Site "Havlíèkùv Brod - hotel Slunce"]
[Date "2012.11.30"]
[Round "8.15"]
[White "Sabolová, Kristýna"]
[Black "Hošek, Martin"]
[Result "1/2-1/2"]
[WhiteElo "1883"]
[BlackElo "2027"]
[PlyCount "51"]
[EventDate "2012.11.25"]

1. d4 Nf6 2. Nf3 c5 3. e3 e6 4. b3 d5 5. Bb2 Bd6 6. Bd3 O-O 7. O-O b6 8. c4
dxc4 9. bxc4 Bb7 10. Nbd2 Nbd7 11. Qe2 Qe7 12. Rfe1 Rfd8 13. e4 Nh5 14. g3 cxd4
15. Nxd4 Nc5 16. Nb5 Qd7 17. Bc2 Be7 18. Rad1 Nf6 19. Nb3 Qc8 20. Rxd8+ Qxd8
21. Bxf6 gxf6 22. Rd1 Qc8 23. Nd6 Qc6 24. Nxc5 bxc5 25. Nxb7 Qxb7 26. Ba4
1/2-1/2

[Event "Pribina - TPK Cup   Mistrovství ÈR junio"]
[Site "Havlíèkùv Brod - hotel Slunce"]
[Date "2012.11.30"]
[Round "8.16"]
[White "Šlampa, Jan"]
[Black "Svoboda, Matìj"]
[Result "1-0"]
[WhiteElo "2024"]
[BlackElo "1955"]
[PlyCount "63"]
[EventDate "2012.11.25"]

1. e4 d6 2. d4 Nf6 3. Bd3 g6 4. f4 Bg7 5. Nf3 O-O 6. O-O c5 7. d5 c4 8. Bxc4
Qb6+ 9. Qd4 Qxd4+ 10. Nxd4 Nxe4 11. Be3 Nd7 12. Be2 Ndf6 13. c4 Bg4 14. Bd3
Rac8 15. h3 Bd7 16. Na3 a6 17. Rac1 b5 18. Bxe4 Nxe4 19. cxb5 axb5 20. Naxb5
Bxb5 21. Nxb5 Bxb2 22. Rxc8 Rxc8 23. Rb1 Bf6 24. a4 Rc4 25. a5 Ra4 26. Bb6 Nd2
27. Rc1 Nc4 28. Rxc4 Rxc4 29. a6 Kf8 30. a7 Rc8 31. Nc7 Rxc7 32. a8=Q+ 1-0

[Event "Pribina - TPK Cup   Mistrovství ÈR junio"]
[Site "Havlíèkùv Brod - hotel Slunce"]
[Date "2012.11.30"]
[Round "8.17"]
[White "Maøíková, Jana"]
[Black "Richterová, Nataša"]
[Result "1/2-1/2"]
[WhiteElo "2002"]
[BlackElo "1945"]
[PlyCount "48"]
[EventDate "2012.11.25"]

1. d4 d5 2. c4 c6 3. Nc3 Nf6 4. Nf3 e6 5. Bg5 Nbd7 6. e3 Qa5 7. Bxf6 Nxf6 8.
Nd2 Bb4 9. Qc2 O-O 10. Bd3 c5 11. O-O cxd4 12. exd4 dxc4 13. Nxc4 Qh5 14. Rad1
b6 15. Ne4 Nd5 16. a3 Be7 17. Ne5 Bb7 18. Ng3 Qh6 19. Be4 Rfc8 20. Qb3 g6 21.
Ne2 Rc7 22. Bf3 Rac8 23. Qa4 Ba8 24. Rfe1 Qg5 1/2-1/2

[Event "Pribina - TPK Cup   Mistrovství ÈR junio"]
[Site "Havlíèkùv Brod - hotel Slunce"]
[Date "2012.11.30"]
[Round "8.18"]
[White "Zezula, Rudolf"]
[Black "Rojíková, Lenka"]
[Result "1-0"]
[WhiteElo "1995"]
[BlackElo "1866"]
[PlyCount "85"]
[EventDate "2012.11.25"]

1. e4 c5 2. Nf3 d6 3. d4 cxd4 4. Nxd4 Nf6 5. Nc3 a6 6. Be2 e5 7. Nb3 Be7 8. O-O
O-O 9. Be3 Be6 10. f4 exf4 11. Bxf4 Nc6 12. Kh1 Ne8 13. Nd5 Bxd5 14. exd5 Ne5
15. c4 Bf6 16. Qd2 a5 17. Rac1 Ng6 18. Be3 b6 19. Nd4 Ne5 20. Rf2 Nc7 21. Rcf1
Na6 22. Nf5 Nc5 23. Qc2 Kh8 24. b3 Qc7 25. a3 Ncd7 26. g4 g6 27. g5 Bg7 28.
Nxg7 Kxg7 29. Qe4 h6 30. gxh6+ Kh7 31. h4 Nc5 32. Qb1 Qd7 33. Kg2 Ng4 34. Bxc5
bxc5 35. Rf3 Rae8 36. Qb2 Kxh6 37. Qd2+ Kh7 38. h5 Re5 39. hxg6+ Kxg6 40. Rg3
Rg5 41. Rf4 f5 42. Bxg4 Rxg4 43. Rgxg4+ 1-0

[Event "Pribina - TPK Cup   Mistrovství ÈR junio"]
[Site "Havlíèkùv Brod - hotel Slunce"]
[Date "2012.11.30"]
[Round "8.19"]
[White "Krátký, Josef"]
[Black "Kopøiva, Martin"]
[Result "1/2-1/2"]
[WhiteElo "1977"]
[BlackElo "1776"]
[PlyCount "72"]
[EventDate "2012.11.25"]

1. e4 c5 2. Nf3 d6 3. d4 cxd4 4. Nxd4 Nf6 5. Nc3 a6 6. Be3 e6 7. Be2 Qc7 8. O-O
b5 9. f3 Bb7 10. a3 Nbd7 11. Qd2 Be7 12. Rad1 O-O 13. g4 Ne5 14. g5 Nfd7 15. h4
Nb6 16. Bf2 Rac8 17. Qc1 Nec4 18. Ncxb5 axb5 19. Nxb5 Qd8 20. b3 Na5 21. Qe3
Na8 22. c4 f6 23. Nd4 Qd7 24. f4 Nc6 25. Nf3 Qe8 26. Nh2 fxg5 27. hxg5 Qg6 28.
Bg3 Nb8 29. Nf3 Qf7 30. Kg2 Na6 31. Rh1 Nc5 32. Nd2 d5 33. b4 Nxe4 34. Nxe4
dxe4 35. Bh5 g6 36. Bg4 Rcd8 1/2-1/2

[Event "Pribina - TPK Cup   Mistrovství ÈR junio"]
[Site "Havlíèkùv Brod - hotel Slunce"]
[Date "2012.11.30"]
[Round "8.20"]
[White "Šroubová, Lenka"]
[Black "Hrdina, Robin"]
[Result "1/2-1/2"]
[WhiteElo "1790"]
[BlackElo "2007"]
[PlyCount "41"]
[EventDate "2012.11.25"]

1. Nf3 g6 2. g3 Bg7 3. Bg2 d6 4. O-O e5 5. e4 Ne7 6. c3 c6 7. d4 Qc7 8. Be3 O-O
9. Qc2 h6 10. dxe5 dxe5 11. Rd1 Be6 12. Nbd2 Nd7 13. Bf1 Nb6 14. Nb3 Bg4 15.
Be2 f5 16. Nh4 Bxe2 17. Qxe2 g5 18. Nxf5 Nxf5 19. exf5 Rxf5 20. Nc5 Qe7 21. Ne4
1/2-1/2

[Event "Pribina - TPK Cup   Mistrovství ÈR junio"]
[Site "Havlíèkùv Brod - hotel Slunce"]
[Date "2012.11.30"]
[Round "8.21"]
[White "Marek, Matyáš"]
[Black "Johnová, Eliška"]
[Result "1-0"]
[WhiteElo "1973"]
[BlackElo "1848"]
[PlyCount "61"]
[EventDate "2012.11.25"]

1. e4 e6 2. d4 d5 3. Nc3 Nf6 4. e5 Nfd7 5. Nce2 c5 6. f4 Nc6 7. c3 Rb8 8. a3 b5
9. Nf3 Qb6 10. dxc5 Bxc5 11. Ned4 a6 12. Be3 Bb7 13. Bd3 O-O 14. b4 Be7 15. O-O
Qc7 16. g4 Rfc8 17. Qc2 Nf8 18. Qg2 f6 19. Nxc6 Bxc6 20. Bd4 Ng6 21. Bxg6 hxg6
22. f5 fxe5 23. Nxe5 exf5 24. gxf5 g5 25. Ng4 Bd6 26. f6 Bf4 27. fxg7 Qd6 28.
Qh3 Kf7 29. Qh5+ Ke6 30. Rfe1+ Kd7 31. Qf7+ 1-0

[Event "Pribina - TPK Cup   Mistrovství ÈR junio"]
[Site "Havlíèkùv Brod - hotel Slunce"]
[Date "2012.11.30"]
[Round "8.22"]
[White "Kuchaø, Tomáš"]
[Black "Walek, Petr"]
[Result "0-1"]
[WhiteElo "1697"]
[BlackElo "1969"]
[PlyCount "78"]
[EventDate "2012.11.25"]

1. e4 e5 2. Bc4 Nc6 3. Nf3 Nf6 4. d3 Bc5 5. c3 d6 6. Bb3 h6 7. Nbd2 O-O 8. O-O
a6 9. h3 Re8 10. Re1 Ba7 11. Nf1 Be6 12. Bc2 d5 13. Ng3 Qd7 14. Qe2 Rad8 15.
Be3 d4 16. Bd2 b5 17. Nh4 dxc3 18. bxc3 Bc4 19. Bxh6 Bxd3 20. Bxd3 Qxd3 21. Be3
Bxe3 22. Qxe3 Qxe3 23. Rxe3 Na5 24. Nf3 Nc4 25. Re2 Rd3 26. Rc2 Red8 27. Rcc1
Nd7 28. a4 Nc5 29. Rab1 bxa4 30. Rb4 Rd1+ 31. Rxd1 Rxd1+ 32. Kh2 Nb6 33. Rb2 a3
34. Ra2 Nc4 35. h4 Rb1 36. h5 Nb3 37. Nxe5 Rb2 38. Nxc4 Rxa2 39. Nf5 Ra1 0-1

[Event "Pribina - TPK Cup   Mistrovství ÈR junio"]
[Site "Havlíèkùv Brod - hotel Slunce"]
[Date "2012.11.30"]
[Round "8.23"]
[White "Kratochvíl, Vít"]
[Black "Danìk, Daniel"]
[Result "1-0"]
[WhiteElo "1944"]
[BlackElo "1802"]
[PlyCount "85"]
[EventDate "2012.11.25"]

1. e4 c6 2. d4 d5 3. exd5 cxd5 4. Bd3 Nc6 5. c3 Nf6 6. Bf4 Bg4 7. Qb3 Qd7 8.
Nd2 e6 9. Ngf3 Bxf3 10. Nxf3 Bd6 11. Be5 Qc7 12. Bxd6 Qxd6 13. O-O O-O 14. Rae1
Rab8 15. Ne5 b5 16. g4 a6 17. Re3 Nd7 18. Qc2 g6 19. f4 Ncxe5 20. fxe5 Qe7 21.
Rg3 Qg5 22. Kg2 Nb6 23. Qe2 Nc4 24. Rf2 Rfc8 25. Qf3 Rc7 26. h4 Qe7 27. g5 b4
28. h5 bxc3 29. bxc3 a5 30. hxg6 hxg6 31. Qf4 Kg7 32. Rh3 Rg8 33. Qh4 Kf8 34.
Rhf3 Qd8 35. Qh6+ Ke8 36. Bxc4 dxc4 37. Qh7 Rf8 38. Qxg6 Qd5 39. Qh7 Rb7 40.
Kg3 Qb5 41. g6 Qb1 42. Rf1 Qb2 43. g7 1-0

[Event "Pribina - TPK Cup   Mistrovství ÈR junio"]
[Site "Havlíèkùv Brod - hotel Slunce"]
[Date "2012.11.30"]
[Round "8.24"]
[White "Kaòáková, Natálie"]
[Black "Zpìváková, Jana"]
[Result "0-1"]
[WhiteElo "1654"]
[BlackElo "1921"]
[PlyCount "64"]
[EventDate "2012.11.25"]

1. e4 d6 2. d4 Nf6 3. Nc3 c6 4. Nf3 Qa5 5. Bd2 e5 6. dxe5 dxe5 7. Bd3 Qc7 8.
O-O Be7 9. Ne2 O-O 10. Bc3 Nbd7 11. Ng3 g6 12. Qe2 Re8 13. Bc4 b5 14. Bb3 Bf8
15. Rfd1 a5 16. a3 Ba6 17. Qe1 Bb7 18. Bd2 Ng4 19. h3 Ngf6 20. a4 b4 21. Bc4
Nb6 22. Bb3 c5 23. c4 Qc6 24. Bc2 Nxc4 25. Bd3 Ba6 26. b3 Nxd2 27. Rxd2 Bxd3
28. Rxd3 c4 29. Rc1 c3 30. Rc2 Qe6 31. Qd1 Qxb3 32. Rd6 Bg7 0-1

[Event "Pribina - TPK Cup   Mistrovství ÈR junio"]
[Site "Havlíèkùv Brod - hotel Slunce"]
[Date "2012.11.30"]
[Round "8.25"]
[White "Steinhauserová, Anna"]
[Black "Jurèa, Marek"]
[Result "1-0"]
[WhiteElo "1821"]
[BlackElo "1893"]
[PlyCount "120"]
[EventDate "2012.11.25"]

1. d4 Nf6 2. Nf3 g6 3. Bf4 Bg7 4. h3 O-O 5. e3 d6 6. c3 Nbd7 7. Bc4 Qe8 8. Bh2
e5 9. dxe5 dxe5 10. Nbd2 Qe7 11. O-O Ne8 12. e4 Nd6 13. Bb3 Nc5 14. Bc2 f6 15.
b4 Ne6 16. Bb3 Kh8 17. Qc2 Nf4 18. Rfe1 g5 19. Nc4 b5 20. Nxd6 cxd6 21. Rad1 f5
22. exf5 Bxf5 23. Qd2 Rad8 24. h4 h6 25. hxg5 hxg5 26. Bxf4 gxf4 27. Nd4 Bd7
28. Qe2 Qg5 29. Nf3 Qh6 30. Bd5 Rf5 31. Qd3 Rh5 32. Kf1 Bf5 33. Be4 Be6 34.
Qxb5 d5 35. Bc2 Rc8 36. Bb3 e4 37. Ng1 Bxc3 38. Re2 d4 39. Qb7 e3 40. f3 Bf5
41. Bc2 Qg6 42. Qxc8+ Bxc8 43. Bxg6 Rh6 44. Bc2 Kg7 45. a3 Ra6 46. Nh3 Rh6 47.
Kg1 Bxh3 48. gxh3 Rxh3 49. Be4 Kf6 50. Kg2 Rg3+ 51. Kf1 Rh3 52. Rg2 Rg3 53.
Rxg3 fxg3 54. Bd3 Kg5 55. Kg2 Kf4 56. b5 Bd2 57. a4 e2 58. Bxe2 Ke3 59. Bc4 d3
60. Bxd3 Kxd3 1-0

[Event "Pribina - TPK Cup   Mistrovství ÈR junio"]
[Site "Havlíèkùv Brod - hotel Slunce"]
[Date "2012.11.30"]
[Round "8.26"]
[White "Paøízek, Vojtìch"]
[Black "Szücs, Matyáš"]
[Result "0-1"]
[WhiteElo "1727"]
[BlackElo "1934"]
[PlyCount "42"]
[EventDate "2012.11.25"]

1. e4 e6 2. d4 d5 3. e5 c5 4. c3 Nc6 5. Nf3 Bd7 6. a3 Rc8 7. b4 cxd4 8. cxd4
Qb6 9. Bb2 Nge7 10. Nc3 Na5 11. Na4 Bxa4 12. Qxa4+ Nac6 13. Rc1 a6 14. Bd3 Ng6
15. g3 Be7 16. b5 axb5 17. Bxb5 O-O 18. O-O Na7 19. Rxc8 Rxc8 20. Bd7 Rc4 21.
Qd1 Qxb2 0-1

[Event "Pribina - TPK Cup   Mistrovství ÈR junio"]
[Site "Havlíèkùv Brod - hotel Slunce"]
[Date "2012.11.30"]
[Round "8.27"]
[White "Nosek, Jan"]
[Black "Chromík, Tomáš"]
[Result "1/2-1/2"]
[WhiteElo "1706"]
[BlackElo "1889"]
[PlyCount "58"]
[EventDate "2012.11.25"]

1. d4 d5 2. c4 c6 3. cxd5 cxd5 4. Nc3 Nf6 5. Nf3 Bf5 6. Bf4 e6 7. e3 Nc6 8. Bb5
Ne4 9. Ne5 Nxc3 10. Bxc6+ bxc6 11. bxc3 Rc8 12. Qa4 f6 13. Nf3 Qb6 14. O-O Be7
15. Rfc1 g5 16. Bg3 Bd3 17. Ne1 Qa6 18. Qxa6 Bxa6 19. Rcb1 Kd7 20. Rb3 c5 21.
Rab1 cxd4 22. cxd4 Bd6 23. Bxd6 Kxd6 24. Ra3 Rc6 25. h3 Rhc8 26. Nc2 Bd3 27.
Rxd3 Rxc2 28. Ra3 R8c7 29. Ra6+ Kd7 1/2-1/2

[Event "Pribina - TPK Cup   Mistrovství ÈR junio"]
[Site "Havlíèkùv Brod - hotel Slunce"]
[Date "2012.11.30"]
[Round "8.28"]
[White "Navrátil, Marek"]
[Black "Zemková, Klára"]
[Result "0-1"]
[WhiteElo "1861"]
[BlackElo "1702"]
[PlyCount "64"]
[EventDate "2012.11.25"]

1. e4 e6 2. d4 d5 3. Nc3 Nf6 4. Bg5 Bb4 5. e5 h6 6. Bd2 Bxc3 7. bxc3 Ne4 8. Be3
c5 9. Bd3 Nxc3 10. Qg4 Kf8 11. Nf3 c4 12. Bf1 Nc6 13. a3 b5 14. Bd2 Ne4 15. Be2
Qb6 16. c3 Qa5 17. Nh4 Ne7 18. f3 h5 19. Qh3 Nxd2 20. Kxd2 g5 21. g4 hxg4 22.
Qxg4 Rxh4 23. Qxg5 Ng6 24. Rhg1 Bd7 25. Qf6 Rxd4+ 26. Kc2 Qa4+ 27. Kc1 Rf4 28.
Qg5 Qb3 29. Qh6+ Ke7 30. Rxg6 Qxc3+ 31. Kb1 Qb3+ 32. Kc1 Qe3+ 0-1